书目信息 |
| 题名: |
西方经济学
|
|
| 作者: | 李云 主编 | |
| 分册: | ||
| 出版信息: | 上海 上海交通大学出版社 2013 |
|
| 页数: | 249页 | |
| 开本: | 26cm | |
| 丛书名: | ||
| 单 册: | ||
| 中图分类: | F0-08 | |
| 科图分类: | ||
| 主题词: | 西方经济学--高等职业教育--教材 , 西方经济学 | |
| 电子资源: | ||
| ISBN: | 978-7-313-09425-4 | |
| 000 | 00865nam0 2200253 450 | |
| 001 | 523 | |
| 005 | 20140908143339.78 | |
| 010 | @a978-7-313-09425-4@dCNY32.00 | |
| 100 | @a20140421d2013 em y0chiy50 ea | |
| 101 | 0 | @achi |
| 102 | @aCN@b310000 | |
| 105 | @ay z 000yy | |
| 106 | @ar | |
| 200 | 1 | @a西方经济学@AXi Fang Jing Ji Xue@f李云主编@FLi Yun Zhu Bian |
| 210 | @a上海@c上海交通大学出版社@d2013 | |
| 215 | @a249页@d26cm | |
| 300 | @a高职高专“十二五”规划教材 经济管理课程改革系列教材 | |
| 330 | @a本书包括微观经济学和宏观经济学两大部分。共分12章,内容包括:西方经济学概述,需求、供给和均衡价格,消费者行为理论,生产理论,成本与收益,厂商均衡理论等。 | |
| 606 | 0 | @a西方经济学@x高等职业教育@j教材 |
| 606 | 0 | @a西方经济学 |
| 690 | @aF0-08@v5 | |
| 701 | 0 | @a李云@ALi Yun@4主编 |
| 801 | 0 | @aCN@bTANGWEI@c20140603 |
| 905 | @b0838672-74@dF0-08@e423@f3 | |
| 西方经济学/李云主编.-上海:上海交通大学出版社,2013 |
| 249页;26cm |
| 高职高专“十二五”规划教材 经济管理课程改革系列教材 |
| ISBN 978-7-313-09425-4:CNY32.00 |
| 本书包括微观经济学和宏观经济学两大部分。共分12章,内容包括:西方经济学概述,需求、供给和均衡价格,消费者行为理论,生产理论,成本与收益,厂商均衡理论等。 |
| ● |
| 相关链接 |
|
|
|
|
正题名:西方经济学
索取号:F0-08/423
 
预约/预借
| 序号 | 登录号 | 条形码 | 馆藏地/架位号 | 状态 | 备注 |
| 1 | 0838672 | 208386726 | 第一样本阅览室/ [索取号:F0-08/423] | 在馆 | |
| 2 | 0838673 | 208386735 | 第一借阅区/ [索取号:F0-08/423] | 在馆 | |
| 3 | 0838674 | 208386744 | 经管系资料室/ [索取号:F0-08/423] | 在馆 |